000 00491nam a2200181Ia 4500
001 2814
005 20260306144834.0
008 260306t1995||||xx |||||||||||||| ||spa||
041 _aESP
082 _a230.2
_bC75
100 _aCollantes, Justo
_eAUT
245 0 _aLa fe de la iglesia católica:
_blas ideas y los hombres en los documentos doctrinales del magisterio
260 _c1995
300 _a962 páginas :
_c20 cm.
650 _aGEN
654 _aCHU
942 _cLIB
_dJUS
_fJUS
_2ddc
_n
999 _c2814
_d2814